OUTLIER THE STORY OF SUCCESS (Record no. 1218195)

MARC details
000 -LEADER
fixed length control field 00432nam a2200169Ia 4500
008 - FIXED-LENGTH DATA ELEMENTS--GENERAL INFORMATION
fixed length control field 260330s2008 xx 000 0 und d
020 ## - INTERNATIONAL STANDARD BOOK NUMBER
International Standard Book Number 978-0-141-03625-0
041 ## - LANGUAGE CODE
Language code of text/sound track or separate title eng
082 ## - DEWEY DECIMAL CLASSIFICATION NUMBER
Classification number 302
Item number GLM
100 ## - MAIN ENTRY--PERSONAL NAME
Personal name GLADWELL MALCOLM
245 ## - TITLE STATEMENT
Title OUTLIER THE STORY OF SUCCESS
260 ## - PUBLICATION, DISTRIBUTION, ETC.
Place of publication, distribution, etc. Pune
Name of publisher, distributor, etc. PENGUIN BOOKS LTD. PUNE
Date of publication, distribution, etc. 2008
300 ## - PHYSICAL DESCRIPTION
Extent 309pg
Other physical details PB
365 ## - TRADE PRICE
Currency code Rs.
650 ## - SUBJECT ADDED ENTRY--TOPICAL TERM
Topical term or geographic name entry element Social Behavior
700 ## - ADDED ENTRY--PERSONAL NAME
Personal name GLADWELL MALCOLM
Holdings
Withdrawn status Lost status Damaged status Not for loan Home library Current library Date acquired Source of acquisition Cost, normal purchase price Total Checkouts Full call number Barcode Date last seen Cost, replacement price Price effective from Koha item type
        Abhijit Kadam Institute of Management & Social Science, Solapur Abhijit Kadam Institute of Management & Social Science, Solapur 21/01/2026 BMSGB, Pune 629.10   302/GLM AKS-C-04675 30/03/2026 629.10 30/03/2026 Book